Normal view
MARC view
- M. Aamir Hastam
Entry Personal Name
001 - CONTROL NUMBER
- control field: 92876
003 - CONTROL NUMBER IDENTIFIER
- control field: NUST
005 - DATE AND TIME OF LATEST TRANSACTION
- control field: 20220704195212.0
008 - FIXED-LENGTH DATA ELEMENTS
- fixed length control field: 220704|| aca||aabn | a|a d
040 ## - CATALOGING SOURCE
- Original cataloging agency: NUST
- Transcribing agency: NUST
100 ## - HEADING--PERSONAL NAME
- Personal name: M. Aamir Hastam
670 ## - SOURCE DATA FOUND
- Source citation: Work cat.: (NUST)12776: M. Aamir Hastam, Power Ball, 2013
